Fanfiction Terminology - Statistics

General Stats
  • This quiz has been taken 1,015 times
  • The average score is 6 of 11
Answer Stats
Hint Answer % Correct
OC original character
94%
mpreg male pregnancy
88%
AU Alternate Universe
80%
OOC out of character
70%
anon Anonymous
65%
A/N Author's Note
61%
OFC original female character
49%
OMC original male character
49%
Xover Crossover
44%
fem! female version of a character
1%
whump mental/physical abuse of a character
1%
No matching quizzes found
Score Distribution
Percent of People with Each Score
Percentile by Number Answered
Your Score History
You have not taken this quiz